Infos à lier - Personnalités du XXe siècle - Statistiques

Statistiques générales
  • Ce quiz a été pris 1 872 fois
  • Le résultat moyen est 3 sur 10
Réponses sur la Carte
Les réponses sont colorées sur une échelle allant du rouge au vert en fonction du pourcentage des utilisateurs qui les ont devinées à leur premier essai. Vous pouvez retrouver ces pourcentages ci-dessous.
 
Statistiques - réponses
Réponse % Correct
A subi pas moins de 638 tentatives d'assassinat
66%
A fait 5 tentatives d'évasion lors de la Première Guerre mondiale
40%
A été dans un orphelinat dès 9 ans, après l'internement de sa mère
39%
A refusé de prendre la présidence d'un pays
39%
Son nom complet comporte plus de 20 mots
35%
A exercé la profession d'avocat en Afrique du Sud
31%
A obtenu un prix Nobel de littérature
28%
A eu une dévotion pour Sainte Thérèse de Lisieux après un miracle
22%
A vu le jour à Üsküb, ville appelée aujourd'hui Skopje
19%
A été ambulancier/ambulancière de la Croix-Rouge
18%
Aucun quiz correspondant
Distribution des résultats
% des personnes avec chaque résultat
Percentile par nombre de réponses
Votre historique - résultats
Vous n’avez pas pris ce quiz